000 nam a22 a 4500
999 _c2914
_d2914
003 AKMAL
005 20170518153022.0
008 170518s1993 nyua e b 001 0 eng d
020 _a0071386262
_cRM99.50
040 _aAKMAL
082 0 0 _a657.3 SCH
_222
090 0 0 _a657.3
_bSCH
100 1 _aSchilit, Howard M.,
_d1952-
_96114
245 1 0 _aFinancial shenanigans :
_bhow to detect accounting gimmicks and fraud in financial reports /
_cHoward M. Schilit
260 _aNew York :
_bMcGraw-Hill,
_cc1993
300 _axv, 191p. :
_bill. ;
_c24cm
504 _aIncludes bibliographical references (p. 196) and index
650 1 0 _aMisleading financial statements
_96115
650 2 0 _aAccounting fraud
_96116
856 4 2 _3Publisher description
_uhttp://www.loc.gov/catdir/enhancements/fy0602/93006481-d.html
942 _2ddc
_cBOOK